| 000 | 00449nam a2200181Ia 4500 | ||
|---|---|---|---|
| 001 | 20191 | ||
| 005 | 20260306172748.0 | ||
| 008 | 260306t2018||||xx |||||||||||||| ||spa|| | ||
| 041 | _aESP | ||
| 082 |
_a343 _bA72 |
||
| 100 |
_aArias López, Boris Wilson _eAUT |
||
| 245 | 0 | _aIntroducción al análisis de la jurisprudencia | |
| 260 | _c2018 | ||
| 300 |
_a201 páginas : _c22 cm. |
||
| 650 | _aGEN | ||
| 654 | _aCDE | ||
| 942 |
_cLIB _dJUS _fJUS _2ddc _n |
||
| 999 |
_c20191 _d20191 |
||